| 000 | 00557nam a2200193Ia 4500 | ||
|---|---|---|---|
| 005 | 20250507130239.0 | ||
| 008 | 008 250505s9999 xx 000 0 eng d | ||
| 037 | _aSeries Article | ||
| 040 |
_aEASL _beng _cEASL |
||
| 041 |
_aeng _2eng |
||
| 084 | _qEASL | ||
| 100 |
_aYep Ray _9668896 |
||
| 245 | 4 | _aThe 1967 riots in Hong kong:the diplomatic and domestic fronts of the colonial governer | |
| 260 |
_aUK _bUK Cambridge Univesity Press UK _c2008 |
||
| 300 | _a122-139 | ||
| 650 | _aChina | ||
| 942 | _cSRA | ||
| 999 |
_c1318543 _d1318543 |
||